000 00333nam a2200145 i 4500
001 bgj
100 1 _aORWELL, George.
245 0 _aNineteen eighty-four /
_cGeorge Orwell.
250 _a[Repr.].
260 _aLondon [etc.],
_c1990.
040 _cBPK
041 _aeng
942 _cKS
008 s uk f |000 0 eng
999 _c47772
_d47772
856 _uhttp://koha.tu.koszalin.pl/cgi-bin/koha/opac-detail.pl?biblionumber=47772
_yKatalog online BPK